000
00303nam a22001097a 4500
008
170105b xxu||||| |||| 00| 0 eng d
020
_a
2900131597005
041
_a
eng
080
_2
7TH
_a
168.2
245
_a
LABORATORY TESTS AND DIAGNOSTIC PROCEDURES WITH NURSING DIAGNOSIS
_c
CORBETT, J.V
942
_2
udc
_c
BK
999
_c
2590
_d
2590